00601nam a2200133Ia 4500008004100000020001800041245012400059260003900183650006500222650002600287856004500313999001900358952009000377171212s9999 xx 000 0 und d a9780874215748 ceditor Bridgeford, Tracy;Kitalong, Karla Saari;Selfe, DickieaInnovative Approaches to Teaching Technical Communication bUniversity Press of Coloradoc2004 aCommunication of technical information -- Study and teaching aLanguage & Literature uwww.jstor.org/stable/10.2307/j.ctt46nzds c353093d353093 001040aCLbCLd2017-12-12l0oT10.5.I518 2004r2017-12-12 00:00:00w2017-12-12yCBE